Biggest Cities in Every African Country - Statistics

General Stats
  • This quiz has been taken 180 times
  • The average score is 86 of 270
Answer Stats
Hint Answer % Correct
Algeria Algiers
99%
Ethiopia Addis Ababa
97%
Nigeria Lagos
96%
Kenya Nairobi
96%
Egypt Cairo
95%
Morocco Casablanca
95%
Angola Luanda
95%
South Africa Cape Town
94%
Djibouti Djibouti
94%
South Africa Johannesburg
94%
Libya Tripoli
94%
Tunisia Tunis
94%
Ghana Accra
93%
Rep. of Congo Brazzaville
93%
Senegal Dakar
93%
Sudan Khartoum
93%
Sudan Khartoum North
93%
Dem. Rep. of Congo Kinshasa
93%
Egypt Alexandria
92%
Tanzania Dar es Salaam
92%
Zimbabwe Harare
92%
Somalia Mogadishu
92%
Namibia Windhoek
91%
Cameroon Yaoundé
91%
Guinea-Bissau Bissau
90%
Liberia Monrovia
90%
São Tomé and Príncipe São Tomé
90%
Sierra Leone Freetown
89%
South Africa Pretoria
89%
Cote d'Ivoire Abidjan
88%
South Africa Durban
88%
Uganda Kampala
88%
Niger Niamey
88%
Burkina Faso Ouagadougou
88%
Rwanda Kigali
87%
Morocco Marrakesh
87%
Chad N'Djamena
87%
Madagascar Antananarivo
86%
Guinea Conakry
86%
Botswana Gaborone
86%
Mozambique Maputo
86%
Central African Rep. Bangui
85%
Gabon Libreville
85%
Togo Lomé
85%
Kenya Mombasa
85%
Seychelles Victoria
85%
Eritrea Asmara
84%
South Sudan Juba
84%
Nigeria Kano
84%
Zambia Lusaka
84%
Benin Porto-Novo
84%
Mali Bamako
83%
Morocco Fès
82%
Cabo Verde Praia
82%
Eswatini Mbabane
81%
Mauritania Nouakchott
81%
Mauritius Port Louis
81%
Tanzania Dodoma
80%
Morocco Tangier
78%
Cote d'Ivoire Yamoussoukro
77%
Cameroon Douala
76%
Burundi Gitega
76%
Malawi Lilongwe
76%
Lesotho Maseru
76%
Comoros Moroni
76%
Libya Benghazi
75%
South Africa Gqeberha
75%
Algeria Oran
75%
Benin Cotonou
74%
Equatorial Guinea Malabo
71%
Burundi Bujumbura
70%
Nigeria Benin City
69%
Nigeria Ibadan
67%
Dem. Rep. of Congo Lubumbashi
66%
Egypt Giza
63%
Tunisia Sfax
61%
Egypt Port Said
60%
Sudan Port Sudan
60%
Ghana Kumasi
59%
Tanzania Zanzibar
55%
Rep. of Congo Pointe-Noire
49%
Tunisia Sousse
49%
Somalia Hargeisa
46%
Dem. Rep. of Congo Mbuji-Mayi
46%
Algeria Constantine
43%
Sierra Leone Bo
41%
Namibia Walvis Bay
40%
Tanzania Arusha
37%
Sudan Omdurman
37%
Angola Cabinda
36%
Dem. Rep. of Congo Kisangani
36%
Malawi Blantyre
34%
Senegal Touba
34%
Angola Benguela
33%
Zimbabwe Bulawayo
32%
Equatorial Guinea Bata
28%
Burkina Faso Bobo-Dioulasso
28%
Nigeria Kaduna
28%
Tanzania Mwanza
28%
Dem. Rep. of Congo Kananga
27%
Botswana Francistown
25%
Niger Agadez
21%
Senegal Thiès
21%
Mozambique Beira
20%
Equatorial Guinea Luba
20%
Angola Huambo
19%
Mauritania Nouadhibou
19%
Angola Lubango
18%
Mozambique Nampula
18%
Sudan Nyala
18%
Namibia Swakopmund
18%
Ghana Tamale
18%
Gabon Port-Gentil
17%
Kenya Nakuru
16%
Algeria Annaba
15%
Libya Misrata
15%
Niger Zinder
15%
Somalia Berbera
14%
Tunisia Bizerte
14%
Mozambique Matola
14%
Botswana Maun
14%
Gambia Fajikunda
13%
Gambia Sukuta
13%
Gambia Talinding
13%
Central African Rep. Bimbo
12%
Cote d'Ivoire Bouaké
12%
Gambia Bununkakunda
12%
Kenya Eldoret
12%
Gabon Franceville
12%
Ethiopia Mekele
12%
Morocco Salé
12%
Guinea Kankan
11%
Eswatini Manzini
11%
Cabo Verde Mindelo
11%
Madagascar Toamasina
11%
South Sudan Wau
11%
Algeria Blida
10%
Togo Kara
10%
Somalia Kismayo
10%
Namibia Rundu
10%
Gambia Brikama
9%
Ethiopia Gonder
9%
Tunisia Kairouan
9%
Senegal Kaolack
9%
Mali Kayes
9%
Eritrea Keren
9%
Malawi Mzuzu
9%
Zambia Ndola
9%
Guinea Nzérékoré
9%
Djibouti Obock
9%
Benin Parakou
9%
Ghana Sekondi
9%
Mali Sikasso
9%
Ethiopia Adama
8%
Cameroon Bafoussam
8%
Rwanda Gisenyi
8%
Niger Maradi
8%
Ghana Takoradi
8%
Malawi Zomba
8%
Djibouti Ali-Sabieh
7%
Eritrea Assab
7%
Djibouti Dikhil
7%
Chad Moundou
7%
Chad Sarh
7%
Mali Ségou
7%
Niger Tahoua
7%
Mauritius Vacoas/Phoenix
7%
Cameroon Bamenda
6%
Liberia Buchanan
6%
Madagascar Fianarantsoa
6%
Guinea-Bissau Gabú
6%
Guinea Kindia
6%
Cote d'Ivoire Korhogo
6%
South Sudan Malakal
6%
Somalia Merca
6%
Zimbabwe Mutare
6%
Uganda Nansana
6%
São Tomé and Príncipe Neves
6%
Madagascar Antsirabe
5%
Cabo Verde Assomada
5%
Guinea-Bissau Bafatá
5%
Mauritius Beau-Bassin/Rose Hill
5%
Central African Rep. Berbérati
5%
Eswatini Big Bend
5%
Central African Rep. Carnot
5%
Mozambique Chimoio
5%
Mauritius Curepipe
5%
Cote d'Ivoire Daloa
5%
Comoros Fomboni
5%
Liberia Gbarnga
5%
Rwanda Gitarama
5%
Zambia Kabwe
5%
Sierra Leone Kenema
5%
Uganda Kira
5%
Burkina Faso Koudougou
5%
Madagascar Mahajanga
5%
Eritrea Massawa
5%
Lesotho Mohale's Hoek
5%
Comoros Mutsamudu
5%
Senegal Rufisque
5%
Togo Sokodé
5%
Djibouti Tadjourah
5%
Chad Abéché
4%
Benin Abomey-Calavi
4%
Uganda Arua
4%
Seychelles Cascade
4%
Zimbabwe Chitungwiza
4%
Rep. of Congo Dolisie
4%
Comoros Domoni
4%
Equatorial Guinea Ebebiyín
4%
Cabo Verde Espargos
4%
Chad Kélo
4%
Mauritania Kiffa
4%
Sierra Leone Koidu
4%
Mali Koutiala
4%
Lesotho Mafeteng
4%
Sierra Leone Makeni
4%
Uganda Makindye-Ssabagabo
4%
Botswana Molepolole
4%
Burundi Ngozi
4%
Eswatini Nhlangano
4%
Rep. of Congo Nkayi
4%
Namibia Oshakati
4%
Burkina Faso Ouahigouya
4%
Rep. of Congo Ouesso
4%
Gabon Oyem
4%
Kenya Ruiru
4%
Burundi Rumonge
4%
Burkina Faso Saaba
4%
São Tomé and Príncipe Santana
4%
Guinea Siguiri
4%
Zambia Solwezi
4%
South Sudan Yei
4%
Libya Zawiya
4%
Seychelles Anse Étoile
3%
Ethiopia Awasa
3%
Guinea-Bissau Bissorã
3%
Guinea-Bissau Canchungo
3%
Togo Dapaong
3%
Zimbabwe Epworth
3%
Liberia Ganta
3%
Benin Godomey
3%
Mauritania Kaédi
3%
Liberia Kakata
3%
Lesotho Maputsoe
3%
Botswana Mogoditshane
3%
Gabon Owendo
3%
Mauritius Quatre-Bornes
3%
Rwanda Ruhengeri
3%
São Tomé and Príncipe Trindade
3%
Libya Zliten
3%
Equatorial Guinea Aconibe
2%
Eritrea Afabet
2%
São Tomé and Príncipe Almas
2%
Togo Atakpamé
2%
Seychelles Au Cap
2%
Burundi Cibitoke
2%
Lesotho Hlotse
2%
Malawi Karonga
2%
Zambia Kitwa
2%
Cabo Verde Pedra Badejo
2%
Comoros Tsémbéhou
2%
South Sudan Yambio
2%
Mauritania Zouerate
2%
Central African Rep. Bégoua
1%
Cameroon Garouda
1%
Rwanda Kamuhanda/Ruyenzi
1%
Eswatini Matsapha
1%
Seychelles Perseverance
1%
Egypt Shubrah Al-Khayma
1%
No matching quizzes found
Score Distribution
Percent of People with Each Score
Percentile by Number Answered
Your Score History
You have not taken this quiz